MARC

LEADER 00000nam0a2200000 4500
001 103104
005 20231031113245.0
035 |a (RuTPU)RU\TPU\book\111174 
090 |a 103104 
100 |a 20061012d1976 m y0rusy50 ca 
101 0 |a rus 
102 |a UA 
105 |a a z 001zy 
200 1 |a Интенсификация технологических процессов в аппаратах с вихревым слоем  |f Д. Д. Логвиненко, О. П. Шеляков 
210 |a Киев  |c Технiка  |d 1976 
215 |a 144 с.  |c ил. 
320 |a Библиогр.: с. 138-143. 
610 1 |a технологические процессы 
610 1 |a вихревой эффект 
610 1 |a интенсификация 
610 1 |a металлические порошки 
610 1 |a обработка 
610 1 |a химическая аппаратура 
610 1 |a аппараты с вихревым слоем 
610 1 |a применение 
675 |a 66.096.5  |v 3 
700 1 |a Логвиненко  |b Д. Д.  |g Дмитрий Данилович 
701 1 |a Шеляков  |b О. П.  |g Олег Парфирович 
801 1 |a RU  |b 63413507  |c 20061012  |g PSBO 
801 2 |a RU  |b 63413507  |c 20070319  |g PSBO 
942 |c BK